Missing Word: TV Theme Song Lyrics II Quiz Stats

 Plays Quiz Updated Jun 16, 2012

Support Sporcle.
Go Orange.
Score 0/20 Timer 03:00
0 Plays Today
Opening Lyrics Missing Word % Correct
Sunday, Monday, Happy Days, _______, Wednesday, Happy Days...Tuesday
93.7%
Come on dora! D-d-d-d-dora. D-d-d-d-dora. Dora Dora Dora the ______...explorer
93.3%
Na, na, na, na, na, na, na, na, na, na, na, na, na, na, na, na, na, ______!Batman
88.4%
Bad _____, whatcha want whatcha want, whatcha gonna do when sheriff John Brown...boys
85.8%
Are you ready kids? Aye Aye Captain! I can't ______ you...hear
83.3%
What ever happened to predictability? The milk man, the ______ boy, evening TV... paper
83.1%
Yes, no, maybe, I don't know. Can you repeat the ______?question
80.7%
Here's the story of a lovely lady, who was bringing up three very lovely ______...girls
80.7%
It's a beautiful day in this neighborhood, a beautiful day for a neighbor, would ______ be mine?you
78.6%
Our whole universe was in a hot dense state, then nearly 14 ______ years ago expansion started...billion
78.1%
Opening Lyrics Missing Word % Correct
Greeeeeen acres is the place to be. Farm livin' is the ______ for me.life
75.5%
Well, now, take down your fishin' pole and meet me at The Fishin' ______...Hole
74.2%
Making your way in the world today takes ______ you've got...everything
71.8%
Meet ______ Jetson. His boy Elroy. Daughter Judy. Jane, his wife.George
71.4%
So no one told you life was going to be this way. Your job's a ______, you're broke...joke
70.9%
Look at what's happened to me, I can't ______ it myself...believe
51.6%
I'm going down to South Park gonna have myself a time. _______ faces everywhere...friendly
49.6%
Sunny day, sweepin' the clouds away, on my way to where the air is ______...sweet
34.1%
I wanna be the very best like no one ever was. To catch them is my real _______...test
29.1%
If what doesn't kill us is making us stronger, We're gonna last longer like the Great ______...Wall
22.7%

Today's Daily Dose

You're not logged in!

Compare scores with friends on all Sporcle quizzes.
OR
Log In
Forgot?

From the Vault

25 Quotes from Quotable Movies

by Flick

Am I the only one around here who knows movie quotes?
Remove Ads.
Support Sporcle.
Get the best of Sporcle when you Go Orange. This ad-free experience offers more features, more stats, and more fun while also helping to support Sporcle. Thank you for becoming a member.

Show Comments

Extras

Top Quizzes Today


Score Distribution

Your Account Isn't Verified!

In order to create a playlist on Sporcle, you need to verify the email address you used during registration. Go to your Sporcle Settings to finish the process.

Report this User

Report this user for behavior that violates our Community Guidelines.

Details: